[Event "chess.com Junior Speed"]
[Site "chess.com INT"]
[Date "2019.07.16"]
[Round "2.26"]
[White "Gledura, Benjamin"]
[Black "Xiong, Jeffery"]
[Result "1-0"]
[WhiteTitle "GM"]
[BlackTitle "GM"]
[WhiteElo "2645"]
[BlackElo "2679"]
[WhiteFideId "712779"]
[BlackFideId "2047640"]
[EventDate "2019.05.16"]

1. e4 g6 2. Nf3 Bg7 3. d4 d6 4. c4 Nc6 5. d5 Ne5 6. Nxe5 Bxe5 7. Be2 e6 8. O-O
Bg7 9. Nc3 Nf6 10. Bg5 h6 11. Be3 O-O 12. Qd2 Kh7 13. h3 Re8 14. Bd3 Nd7 15. f4
Nc5 16. Bxc5 dxc5 17. e5 f6 18. Qc2 f5 19. Rad1 Qe7 20. g4 Qh4 21. Qg2 exd5 22.
Nxd5 fxg4 23. Nxc7 g3 24. Nxe8 Bxh3 25. Bxg6+ Kh8 26. Qxb7 Rxe8 27. Bxe8 Bxf1
28. Qh1 Qxf4 29. Rxf1 Qe3+ 30. Kg2 Qe2+ 31. Kh3 Qxc4 32. Qf3 Qe6+ 33. Qf5 Qxe8
34. Kxg3 Bxe5+ 35. Kh3 Bxb2 36. Qf8+ Qxf8 37. Rxf8+ Kg7 38. Rc8 Bd4 39. Rc7+ Kf6
40. Rxa7 c4 41. Ra4 Ke5 42. Rxc4 Kd5 43. Rc2 Bc5 44. Kg4 Be3 45. Kf3 Bc5 46. Ke2
Kc6 47. Kd3 Kb5 48. Kc3 Be7 49. Rh2 Bg5 50. Kb3 Ka5 51. a4 Ka6 52. Re2 Kb6 53.
Re5 Bf4 54. Re6+ Kc5 55. Rf6 Bg5 56. Rf5+ Kb6 57. Kc4 Ka6 58. Re5 Bf4 59. Re6+
Ka5 60. Re4 Bg5 61. Kb3 Bf6 62. Re6 Bg5 63. Re5+ Ka6 64. Kb4 Bd2+ 65. Kc4 Bg5
66. Kb3 Bf4 67. Rf5 Bg5 68. a5 Bd2 69. Ka4 Be3 70. Rf6+ Kb7 71. Kb5 Bg5 72. Rf7+
Kb8 73. Ka6 Be3 74. Re7 Bd4 75. Re6 h5 76. Rh6 Be3 77. Rxh5 Bd4 78. Rb5+ Kc7 79.
Rb7+ Kc6 80. Rb4 Be3 81. Re4 Bf2 82. Rc4+ Kd5 83. Rc2 Be3 84. Kb7 Ke4 85. a6 Kd3
86. Rc8 Ke4 87. a7 Kd3 88. a8=Q 1-0

[Event "chess.com Junior Speed"]
[Site "chess.com INT"]
[Date "2019.07.16"]
[Round "2.27"]
[White "Xiong, Jeffery"]
[Black "Gledura, Benjamin"]
[Result "0-1"]
[WhiteTitle "GM"]
[BlackTitle "GM"]
[WhiteElo "2679"]
[BlackElo "2645"]
[WhiteFideId "2047640"]
[BlackFideId "712779"]
[EventDate "2019.05.16"]

1. d4 Nf6 2. Nf3 g6 3. Nbd2 Bg7 4. e4 d6 5. Bd3 O-O 6. O-O Nbd7 7. Re1 c5 8. c3
e6 9. h3 b6 10. Nc4 d5 11. exd5 Nxd5 12. Bg5 Qc7 13. Qd2 Bb7 14. Bh6 Rad8 15.
Bxg7 Kxg7 16. Rac1 b5 17. Nce5 c4 18. Be4 N7f6 19. Bb1 Nh5 20. Ng5 Rde8 21. Ng4
Ndf4 22. g3 f6 23. Ne4 Nxh3+ 24. Kh2 Bxe4 25. Qh6+ Kg8 26. Bxe4 Ng5 27. Bg2 Qe7
28. Re2 f5 29. Ne5 f4 30. Bc6 Rc8 31. Bxb5 fxg3+ 32. fxg3 Rf5 33. g4 Nf3+ 34.
Nxf3 Rxf3 35. Rg2 Qh4+ 36. Kg1 Rcf8 37. gxh5 Rg3 38. Qd2 Rff3 39. Bc6 Rxg2+ 40.
Qxg2 Rg3 41. hxg6 Rxg2+ 42. Bxg2 hxg6 43. Rf1 Qg5 44. Re1 Qd2 45. Rxe6 Qxb2 46.
Bd5 Kg7 47. Re7+ Kf6 48. Rf7+ Kg5 49. Bxc4 Qxc3 50. Bb3 Qxd4+ 51. Kg2 Qe4+ 52.
Kg3 a5 53. Rf2 a4 54. Bf7 Qe3+ 55. Kg2 Kh6 56. Bd5 Qe5 57. Bf3 g5 58. Re2 Qd4
59. Kg3 Qd3 60. Re6+ Kg7 61. Re4 a3 62. Re2 Kf6 63. Kg2 Kf5 64. Rf2 Qd4 65. Bd1+
Ke5 66. Bf3 g4 67. Re2+ Kf4 68. Bc6 Qc5 69. Rf2+ Kg5 70. Be4 Qe5 71. Rf5+ Qxf5
72. Bxf5 Kxf5 73. Kg3 Kg5 74. Kg2 Kf4 75. Kf2 g3+ 76. Kg2 Kg4 77. Kg1 Kf3 78.
Kf1 Ke3 79. Kg2 Kd3 80. Kxg3 Kc2 81. Kf2 Kb2 0-1

[Event "chess.com Junior Speed"]
[Site "chess.com INT"]
[Date "2019.07.16"]
[Round "2.28"]
[White "Gledura, Benjamin"]
[Black "Xiong, Jeffery"]
[Result "0-1"]
[WhiteTitle "GM"]
[BlackTitle "GM"]
[WhiteElo "2645"]
[BlackElo "2679"]
[WhiteFideId "712779"]
[BlackFideId "2047640"]
[EventDate "2019.05.16"]

1. e4 g6 2. Nf3 Bg7 3. d4 d6 4. Be2 Nf6 5. Nc3 O-O 6. O-O a6 7. a4 Nc6 8. h3 e5
9. dxe5 dxe5 10. Be3 Be6 11. Nd2 Qe7 12. Bc4 Rfd8 13. Bxe6 Qxe6 14. Qb1 Nd4 15.
b3 Nh5 16. Nd5 Rac8 17. Re1 f5 18. c3 Nc6 19. f3 f4 20. Bf2 Nb8 21. Nc4 Nd7 22.
Qc2 Bf8 23. Rad1 g5 24. b4 Ng7 25. Na5 b6 26. Nb3 Ne8 27. c4 c6 28. Nxb6 Nxb6
29. Bxb6 Rxd1 30. Rxd1 Bxb4 31. Bc5 Bxc5+ 32. Nxc5 Qe7 33. Qf2 Rd8 34. Rxd8 Qxd8
35. Nxa6 Qa5 36. Qa7 Qxa4 37. Qd7 Nf6 38. Qe6+ Kg7 39. Nc7 Qa7+ 40. Kh2 Qxc7 41.
Qf5 h6 0-1

[Event "chess.com Junior Speed"]
[Site "chess.com INT"]
[Date "2019.07.16"]
[Round "2.29"]
[White "Xiong, Jeffery"]
[Black "Gledura, Benjamin"]
[Result "1-0"]
[WhiteTitle "GM"]
[BlackTitle "GM"]
[WhiteElo "2679"]
[BlackElo "2645"]
[WhiteFideId "2047640"]
[BlackFideId "712779"]
[EventDate "2019.05.16"]

1. d4 Nf6 2. c4 g6 3. Nc3 Bg7 4. e4 d6 5. Be2 O-O 6. Be3 c5 7. dxc5 dxc5 8. e5
Nfd7 9. f4 Nc6 10. Nf3 b6 11. O-O Bb7 12. Qa4 f6 13. e6 Ndb8 14. Rad1 Qc8 15. f5
gxf5 16. Nh4 Qxe6 17. Nxf5 Ne5 18. Nd5 Nbc6 19. Qc2 Qf7 20. Qe4 e6 21. Nd6 exd5
22. cxd5 Qc7 23. Nxb7 Qxb7 24. dxc6 Qxc6 25. Bc4+ 1-0

[Event "chess.com Junior Speed"]
[Site "chess.com INT"]
[Date "2019.07.16"]
[Round "2.30"]
[White "Gledura, Benjamin"]
[Black "Xiong, Jeffery"]
[Result "0-1"]
[WhiteTitle "GM"]
[BlackTitle "GM"]
[WhiteElo "2645"]
[BlackElo "2679"]
[WhiteFideId "712779"]
[BlackFideId "2047640"]
[EventDate "2019.05.16"]

1. Nf3 g6 2. g3 Bg7 3. Bg2 d6 4. O-O Nf6 5. d4 O-O 6. b3 a5 7. a3 a4 8. b4 c5 9.
c3 Nbd7 10. Bb2 Qc7 11. Nbd2 Nb6 12. e4 Bg4 13. h3 Bxf3 14. Qxf3 cxd4 15. Rac1
dxc3 16. Bxc3 Qd7 17. Bd4 Qb5 18. e5 dxe5 19. Rc5 Qd7 20. Be3 Rab8 21. Rxe5 Nc8
22. Rc1 Nd6 23. Rec5 Rfc8 24. Bf4 Nfe8 25. Nc4 b6 26. Ne5 Qf5 27. Nc6 Qe6 28.
R5c2 Rb7 29. Re2 Qf6 30. Bxd6 Nxd6 31. Rd1 Rbc7 32. b5 Nxb5 33. Qd5 Nc3 34. Qd8+
Rxd8 35. Rxd8+ Bf8 0-1

[Event "chess.com Junior Speed"]
[Site "chess.com INT"]
[Date "2019.07.18"]
[Round "3.1"]
[White "Maghsoodloo, Parham"]
[Black "Xiong, Jeffery"]
[Result "1-0"]
[WhiteTitle "GM"]
[BlackTitle "GM"]
[WhiteElo "2671"]
[BlackElo "2679"]
[WhiteFideId "12539929"]
[BlackFideId "2047640"]
[EventDate "2019.05.16"]

1. Nf3 d5 2. g3 Nd7 3. Bg2 e5 4. d3 Bd6 5. c3 Ne7 6. Nbd2 O-O 7. O-O a5 8. b3 a4
9. b4 c5 10. bxc5 Nxc5 11. d4 Nd7 12. e4 exd4 13. cxd4 Nb6 14. Rb1 Nc6 15. Bb2
Re8 16. exd5 Nxd5 17. Nc4 Bf5 18. Rc1 Ncb4 19. Nfe5 Bxe5 20. dxe5 Nd3 21. Nd6
N5b4 22. Nxf5 Nxb2 23. Qg4 g6 24. Nh6+ Kg7 25. Nxf7 Qb6 26. Nd6 Rxe5 27. Qd7+
Kg8 28. Qf7+ Kh8 29. Qf6+ 1-0

[Event "chess.com Junior Speed"]
[Site "chess.com INT"]
[Date "2019.07.18"]
[Round "3.2"]
[White "Xiong, Jeffery"]
[Black "Maghsoodloo, Parham"]
[Result "1/2-1/2"]
[WhiteTitle "GM"]
[BlackTitle "GM"]
[WhiteElo "2679"]
[BlackElo "2671"]
[WhiteFideId "2047640"]
[BlackFideId "12539929"]
[EventDate "2019.05.16"]

1. d4 Nf6 2. c4 e6 3. Nc3 Bb4 4. Nf3 O-O 5. Bg5 h6 6. Bh4 d5 7. e3 Nbd7 8. Rc1
c6 9. a3 Be7 10. Bd3 b6 11. O-O Bb7 12. cxd5 Nxd5 13. Bxe7 Qxe7 14. Nxd5 exd5
15. Bb1 c5 16. Qd3 g6 17. dxc5 bxc5 18. Rfd1 Rfd8 19. Ba2 Nf6 20. Qb5 Rac8 21.
Qa5 Ba8 22. b4 d4 23. exd4 Bxf3 24. gxf3 cxd4 25. Rxc8 Rxc8 26. Qa6 Rc2 27. Bb3
Rc3 28. Rd3 Kg7 29. Rxc3 Qe1+ 30. Kg2 Qxc3 31. Qc4 Qxc4 32. Bxc4 Kf8 33. b5 Ke7
34. a4 Ne8 35. a5 Nd6 36. Bd3 Kd7 37. f4 Kc7 38. Kf3 Nb7 39. Ke4 Nxa5 40. Kxd4
Kd6 41. Bc2 g5 42. fxg5 hxg5 43. h3 f6 44. Ke4 Nb7 45. Kf5 Ke7 46. Bd3 Nd6+ 47.
Kg6 Nf7 48. Kf5 Nd6+ 49. Kg6 Nf7 50. Kf5 Ne5 51. Be2 Nf7 52. Bd3 1/2-1/2

[Event "chess.com Junior Speed"]
[Site "chess.com INT"]
[Date "2019.07.18"]
[Round "3.3"]
[White "Maghsoodloo, Parham"]
[Black "Xiong, Jeffery"]
[Result "1/2-1/2"]
[WhiteTitle "GM"]
[BlackTitle "GM"]
[WhiteElo "2671"]
[BlackElo "2679"]
[WhiteFideId "12539929"]
[BlackFideId "2047640"]
[EventDate "2019.05.16"]

1. Nf3 c5 2. g3 Nc6 3. Bg2 g6 4. O-O Bg7 5. c3 e5 6. d3 d5 7. a3 Nge7 8. b4 cxb4
9. axb4 O-O 10. e4 dxe4 11. dxe4 Be6 12. Be3 Bc4 13. Qxd8 Rfxd8 14. Rc1 Nc8 15.
Nbd2 Nd6 16. Nxc4 Nxc4 17. Bg5 f6 18. Bf1 Nd6 19. Be3 Nxe4 20. b5 Ne7 21. Rxa7
Rxa7 22. Bxa7 Bh6 23. Rc2 Ra8 24. b6 Rc8 25. c4 Kf7 26. Bg2 Nc5 27. Nd2 Rd8 28.
Nf1 e4 29. Rb2 f5 30. Rb5 Ne6 31. g4 Rd1 32. h4 Nd4 33. Rc5 Bf4 34. gxf5 gxf5
35. Bh3 Nf3+ 36. Kg2 Nxh4+ 37. Kh1 Nf3 38. Kg2 Ne1+ 39. Kg1 Ke6 40. Rc7 Bxc7 41.
bxc7 Nf3+ 42. Kg2 Rd7 43. Bb6 Ng5 44. Ne3 Nxh3 45. Kxh3 Nc8 46. c5 f4 47. Nc4
Rd4 48. Na5 e3 49. fxe3 fxe3 50. Kg3 e2 51. Kf2 Re4 52. Ke1 Kd7 53. Nxb7 h5 54.
Nd6 Nxd6 55. cxd6 Re8 56. Bf2 Kxd6 57. c8=Q Rxc8 58. Kxe2 Ke6 59. Kf3 Kf5 60.
Kg3 Rc4 61. Kh3 Rg4 62. Bg3 Re4 63. Bb8 Kg5 64. Bc7 Re3+ 65. Kh2 Kg4 66. Bb6
Re2+ 67. Kg1 Kh3 68. Kh1 Rg2 69. Bc5 Rg5 70. Bb6 Rg2 71. Ba7 Rh2+ 72. Kg1 Rb2
73. Kh1 Rb7 74. Bd4 Rd7 75. Bc5 Rf7 76. Be3 Re7 77. Bd4 Kg3 78. Bc5 Rd7 79. Bb6
Rd1+ 80. Bg1 Kf3 81. Kh2 h4 82. Bb6 Rb1 83. Bc5 h3 84. Bg1 Rc1 85. Kh1 Rc2 86.
Ba7 h2 87. Bb8 Kf2 88. Kxh2 Rc8 89. Bg3+ Kf3 90. Bd6 Rd8 91. Bc5 Rd2+ 92. Kh1
Kg3 93. Bb6 Rd6 94. Bc7 Kh3 95. Bxd6 1/2-1/2

[Event "chess.com Junior Speed"]
[Site "chess.com INT"]
[Date "2019.07.18"]
[Round "3.4"]
[White "Xiong, Jeffery"]
[Black "Maghsoodloo, Parham"]
[Result "1-0"]
[WhiteTitle "GM"]
[BlackTitle "GM"]
[WhiteElo "2679"]
[BlackElo "2671"]
[WhiteFideId "2047640"]
[BlackFideId "12539929"]
[EventDate "2019.05.16"]

1. d4 d5 2. c4 e6 3. Nc3 a6 4. cxd5 exd5 5. Nf3 Nf6 6. Bg5 Be6 7. e3 Nbd7 8. Bd3
Bd6 9. O-O c6 10. Qc2 Qc7 11. Ne2 Bg4 12. Bf4 Bxf4 13. Nxf4 Bxf3 14. gxf3 O-O
15. Kh1 Qd6 16. Rg1 Kh8 17. Rg3 Rg8 18. Rag1 Nf8 19. Ne2 Re8 20. e4 Nh5 21. Rh3
g6 22. e5 Qd7 23. Bf5 Ne6 24. Bg4 Nhg7 25. f4 Qe7 26. f5 Nxf5 27. Bxf5 gxf5 28.
Qxf5 Rxg1+ 29. Nxg1 f6 30. Nf3 Rf8 31. Nh4 Kg8 32. Rg3+ Kh8 33. Rh3 Kg8 34. Qg4+
Ng7 35. Nf5 Qc7 36. Rg3 fxe5 37. Nxg7 1-0

[Event "chess.com Junior Speed"]
[Site "chess.com INT"]
[Date "2019.07.18"]
[Round "3.5"]
[White "Maghsoodloo, Parham"]
[Black "Xiong, Jeffery"]
[Result "1-0"]
[WhiteTitle "GM"]
[BlackTitle "GM"]
[WhiteElo "2671"]
[BlackElo "2679"]
[WhiteFideId "12539929"]
[BlackFideId "2047640"]
[EventDate "2019.05.16"]

1. Nf3 d5 2. g3 Nd7 3. Bg2 e5 4. d3 Bd6 5. c3 Ne7 6. b4 a5 7. b5 a4 8. Ba3 Nb6
9. O-O O-O 10. Nfd2 Bg4 11. h3 Bh5 12. c4 Bxa3 13. Nxa3 Qd6 14. Qc1 Qe6 15. cxd5
Nbxd5 16. Re1 Rfc8 17. Nac4 c6 18. Rb1 c5 19. Ne4 b6 20. Qg5 Bg6 21. Qxe5 Qxe5
22. Nxe5 Bxe4 23. Bxe4 Ra7 24. Rec1 Nf6 25. Bf3 Kf8 26. a3 Nd7 27. Nc4 Rb8 28.
e3 Nf6 29. g4 Nfd5 30. Ne5 Rc8 31. d4 Rac7 32. dxc5 f6 33. Nd3 bxc5 34. b6 1-0

[Event "chess.com Junior Speed"]
[Site "chess.com INT"]
[Date "2019.07.18"]
[Round "3.6"]
[White "Xiong, Jeffery"]
[Black "Maghsoodloo, Parham"]
[Result "1-0"]
[WhiteTitle "GM"]
[BlackTitle "GM"]
[WhiteElo "2679"]
[BlackElo "2671"]
[WhiteFideId "2047640"]
[BlackFideId "12539929"]
[EventDate "2019.05.16"]

1. d4 f5 2. Bg5 d5 3. e3 c6 4. h4 Be6 5. h5 Nd7 6. Nh3 Ngf6 7. Nd2 Bf7 8. Bxf6
Nxf6 9. Ng5 e6 10. Nxf7 Kxf7 11. Nf3 Bd6 12. Ng5+ Ke7 13. c3 g6 14. Qb3 Qb6 15.
h6 Ne4 16. Nf3 g5 17. Bd3 g4 18. Bxe4 dxe4 19. Nd2 Qxb3 20. axb3 Kf6 21. Nc4 Bc7
22. Ke2 a6 23. f3 exf3+ 24. gxf3 gxf3+ 25. Kxf3 Rag8 26. Rag1 Rg6 27. e4 fxe4+
28. Kxe4 Rhg8 29. Rxg6+ Rxg6 30. Ne3 Kg5 31. Rf1 Rf6 32. Rg1+ Kh5 33. Rg7 Bf4
34. Rxh7 b5 35. Nc2 a5 36. Ne1 Bxh6 37. Nd3 b4 38. cxb4 axb4 39. Rc7 Rg6 40.
Nxb4 Rg4+ 41. Kd3 e5 42. Nxc6 e4+ 43. Kc4 e3 44. Re7 Rg2 45. d5 Rxb2 46. Nd4 Bg5
47. Re4 Kg6 48. d6 Rd2 49. d7 Bf6 50. Ne6 e2 51. d8=Q Bxd8 52. Nxd8 Kf5 53. Re8
Kf4 54. Nc6 Rc2+ 55. Kd3 Rxc6 56. Rxe2 Kf5 57. b4 Rc8 58. Kd4 Kf6 59. b5 Kf7 60.
Kd5 Rc1 61. b6 Rb1 62. Kc6 Rc1+ 63. Kb7 Rb1 64. Ka7 Ra1+ 65. Kb8 Rb1 66. b7 Rb2
67. Rxb2 1-0

[Event "chess.com Junior Speed"]
[Site "chess.com INT"]
[Date "2019.07.18"]
[Round "3.7"]
[White "Maghsoodloo, Parham"]
[Black "Xiong, Jeffery"]
[Result "0-1"]
[WhiteTitle "GM"]
[BlackTitle "GM"]
[WhiteElo "2671"]
[BlackElo "2679"]
[WhiteFideId "12539929"]
[BlackFideId "2047640"]
[EventDate "2019.05.16"]

1. Nf3 c5 2. g3 g6 3. Bg2 Bg7 4. O-O Nc6 5. c3 e5 6. d3 Nge7 7. a3 d6 8. e4 O-O
9. b4 a6 10. Bb2 h6 11. Nbd2 Be6 12. Rb1 b5 13. d4 exd4 14. cxd4 Nxd4 15. Nxd4
cxd4 16. Nf3 Ba2 17. Rc1 Bc4 18. Re1 Nc6 19. Nxd4 Ne5 20. Re3 Rc8 21. Rc2 Qb6
22. Rd2 Rfd8 23. h3 a5 24. Kh2 axb4 25. axb4 Ba2 26. Nf3 Be6 27. Bd4 Qb8 28. Bf1
h5 29. Ng5 Bc4 30. Bxe5 dxe5 31. Bxc4 bxc4 32. Rd7 Bh6 33. h4 Bxg5 34. hxg5 Rxd7
35. Qxd7 c3 36. Rf3 Rc7 37. Qd6 Qc8 38. b5 c2 39. b6 c1=Q 40. bxc7 Q1xc7 41. Qd5
Q8d8 42. Qb5 Qxg5 43. Qe8+ Kg7 44. Kg2 Qce7 45. Qb8 h4 46. Rc3 hxg3 47. Rxg3 Qf4
48. Qa8 Qeh4 49. Qd5 Qxe4+ 0-1

[Event "chess.com Junior Speed"]
[Site "chess.com INT"]
[Date "2019.07.18"]
[Round "3.8"]
[White "Xiong, Jeffery"]
[Black "Maghsoodloo, Parham"]
[Result "0-1"]
[WhiteTitle "GM"]
[BlackTitle "GM"]
[WhiteElo "2679"]
[BlackElo "2671"]
[WhiteFideId "2047640"]
[BlackFideId "12539929"]
[EventDate "2019.05.16"]

1. d4 f5 2. Bg5 d5 3. e3 c6 4. c4 Qa5+ 5. Nc3 e6 6. Bd3 Be7 7. Rb1 Nf6 8. Bxf6
Bxf6 9. b4 Qd8 10. Nf3 O-O 11. O-O a6 12. a4 g6 13. Qb3 Nd7 14. Rfc1 Qe7 15. b5
axb5 16. axb5 Ra3 17. Qb2 Kg7 18. Ra1 Rxa1 19. Rxa1 dxc4 20. bxc6 cxd3 21. cxb7
Qd6 22. Ra7 Bxb7 23. Qxb7 Rf7 24. h4 e5 25. Ra6 Qf8 26. Ra8 Nb6 27. Qxb6 Qxa8
28. dxe5 Be7 29. Qb3 Qa3 30. Qc4 d2 0-1

[Event "chess.com Junior Speed"]
[Site "chess.com INT"]
[Date "2019.07.18"]
[Round "3.9"]
[White "Maghsoodloo, Parham"]
[Black "Xiong, Jeffery"]
[Result "1-0"]
[WhiteTitle "GM"]
[BlackTitle "GM"]
[WhiteElo "2671"]
[BlackElo "2679"]
[WhiteFideId "12539929"]
[BlackFideId "2047640"]
[EventDate "2019.05.16"]

1. Nf3 c5 2. c4 Nf6 3. b3 g6 4. Bb2 Bg7 5. g3 b6 6. Bg2 Bb7 7. O-O O-O 8. d4
cxd4 9. Qxd4 d6 10. Rd1 Nbd7 11. Nc3 a6 12. Rac1 Rc8 13. Ne1 Ne4 14. Qe3 Nxc3
15. Bxc3 Bxg2 16. Bxg7 Kxg7 17. Nxg2 b5 18. cxb5 Rxc1 19. Rxc1 axb5 20. Nf4 Nf6
21. Qa7 Re8 22. Rc7 b4 23. Rb7 d5 24. Nd3 h5 25. h4 Ng4 26. Nxb4 Qd6 27. Qd4+
Nf6 28. Nd3 e5 29. Qa7 Rf8 30. Rb6 Qd8 31. Nxe5 Qe8 32. Qc7 d4 33. Qd6 Qd8 34.
Qxd8 Rxd8 35. Rb7 Ne4 36. Nxf7 1-0

[Event "chess.com Junior Speed"]
[Site "chess.com INT"]
[Date "2019.07.18"]
[Round "3.10"]
[White "Xiong, Jeffery"]
[Black "Maghsoodloo, Parham"]
[Result "1-0"]
[WhiteTitle "GM"]
[BlackTitle "GM"]
[WhiteElo "2679"]
[BlackElo "2671"]
[WhiteFideId "2047640"]
[BlackFideId "12539929"]
[EventDate "2019.05.16"]

1. d4 d5 2. c4 e6 3. Nc3 a6 4. cxd5 exd5 5. Nf3 Nf6 6. Bg5 Be6 7. e3 Nbd7 8. Bd3
Bd6 9. Qc2 c6 10. O-O Qc7 11. Ne2 Bg4 12. Bf4 O-O 13. b4 Rfe8 14. Rab1 b5 15.
Rfc1 Rac8 16. a4 Qb8 17. a5 g6 18. Bxd6 Qxd6 19. Nd2 h5 20. Nf4 g5 21. Ne2 h4
22. Re1 Nf8 23. Bf5 Bxf5 24. Qxf5 N6h7 25. e4 Ne6 26. e5 Qf8 27. Nf3 f6 28. Nc1
fxe5 29. Qxf8+ Nhxf8 30. dxe5 Ng6 31. Nd3 g4 32. Nd2 c5 33. bxc5 Nxc5 34. Nxc5
Rxc5 35. Rb4 Rxe5 36. Kf1 Rxe1+ 37. Kxe1 Ne5 38. Ke2 Kf7 39. Rf4+ Ke6 40. Rf8
Rc2 41. Re8+ Kf5 42. Kd1 Ra2 43. Nb3 Nd3 44. Nd4+ Kg6 45. Re6+ Kf7 46. Rxa6
Nxf2+ 47. Ke1 Nd3+ 48. Kf1 b4 49. Ra8 h3 50. gxh3 gxh3 51. a6 Rf2+ 52. Kg1 Rd2
53. Kf1 Rf2+ 54. Kg1 Ra2 55. Kf1 Nc5 56. a7 Ne4 57. Rh8 Rxa7 58. Rh7+ Kf6 59.
Rxa7 Ke5 60. Nf3+ Kf4 61. Ng1 b3 62. Rb7 d4 63. Ke2 Nc5 64. Rb5 d3+ 65. Kd2 Ke4
66. Rxc5 1-0

[Event "chess.com Junior Speed"]
[Site "chess.com INT"]
[Date "2019.07.18"]
[Round "3.11"]
[White "Maghsoodloo, Parham"]
[Black "Xiong, Jeffery"]
[Result "1/2-1/2"]
[WhiteTitle "GM"]
[BlackTitle "GM"]
[WhiteElo "2671"]
[BlackElo "2679"]
[WhiteFideId "12539929"]
[BlackFideId "2047640"]
[EventDate "2019.05.16"]

1. Nf3 c5 2. e4 d6 3. d4 Nf6 4. Nc3 cxd4 5. Nxd4 a6 6. g3 g6 7. Bg2 Bg7 8. O-O
O-O 9. h3 Nc6 10. Nde2 Rb8 11. g4 b5 12. Ng3 b4 13. Nce2 a5 14. Rb1 Ba6 15. b3
Nd7 16. Be3 Qc7 17. f4 Rbc8 18. Rf2 Na7 19. f5 Nb5 20. Rc1 Nc3 21. Nxc3 Qxc3 22.
Qe1 Be5 23. Nf1 Nf6 24. Bd2 Qc5 25. Be3 Qc3 26. Bd2 Qc5 27. Be3 Bd4 28. Rd1 Bxe3
29. Nxe3 Bb7 30. Nc4 Rfd8 31. g5 Nh5 32. Qe3 Qb5 33. f6 exf6 34. gxf6 Qe8 35.
Nxd6 Qe5 36. Rfd2 Rc3 37. Qb6 Rf8 38. Nxb7 Nf4 39. Qxa5 Qxf6 40. Rf1 Rg3 41. Qc7
Rxg2+ 42. Rxg2 Qd4+ 43. Kh2 Nxg2 44. Kxg2 Qxe4+ 45. Kh2 Qe2+ 46. Kg1 Qe3+ 47.
Rf2 Qxh3 48. Qf4 Qc8 49. Nd6 Qe6 50. Ne4 f5 51. Ng5 Qd5 52. Qxb4 Qd1+ 53. Kg2
Qd5+ 54. Nf3 Rc8 55. Rd2 Qe6 56. Qd4 Re8 57. c4 Qe7 58. Qd5+ Kg7 59. Nd4 Qg5+
60. Kf1 Qf4+ 61. Rf2 Qc1+ 62. Kg2 Qg5+ 63. Kf1 Qc1+ 64. Kg2 Qg5+ 65. Kh2 Qh4+
66. Kg2 Qg5+ 1/2-1/2

[Event "chess.com Junior Speed"]
[Site "chess.com INT"]
[Date "2019.07.18"]
[Round "3.12"]
[White "Xiong, Jeffery"]
[Black "Maghsoodloo, Parham"]
[Result "1/2-1/2"]
[WhiteTitle "GM"]
[BlackTitle "GM"]
[WhiteElo "2679"]
[BlackElo "2671"]
[WhiteFideId "2047640"]
[BlackFideId "12539929"]
[EventDate "2019.05.16"]

1. d4 d5 2. c4 e6 3. Nc3 a6 4. cxd5 exd5 5. Nf3 Nf6 6. Bg5 Be6 7. e3 Nbd7 8. Bd3
Bd6 9. Qc2 c6 10. Bf4 Qc7 11. Bxd6 Qxd6 12. h3 O-O 13. O-O g6 14. Ng5 Ne8 15. b4
Qe7 16. Nxe6 Qxe6 17. a4 Nd6 18. b5 cxb5 19. axb5 a5 20. Na4 Rfc8 21. Qb3 Nc4
22. Rfc1 Ncb6 23. Nc5 Qe7 24. Nxb7 a4 25. Qa2 h5 26. Rc6 Ra7 27. Rac1 Rb8 28.
Nc5 Nf6 29. Na6 Rbb7 30. Ra1 Kg7 31. Qd2 h4 32. Qa5 Nfd7 33. Qc3 Qg5 34. Be2 Nf6
35. Bf3 Nc4 36. Bxd5 Qxd5 37. Qxc4 Rxb5 38. Rxa4 Qxc4 39. Raxc4 Rb1+ 40. Kh2 Ne4
41. Rc2 Rf1 42. g3 Rxf2+ 43. Rxf2 Nxf2 44. gxh4 Nd1 45. e4 Nf2 46. Nc5 Ra3 47.
Kg2 Nxh3 48. Rc7 Nf4+ 49. Kf2 Rh3 50. e5 Kf8 51. Nd7+ Ke7 52. Nf6+ Ke6 53. Rc6+
Kf5 54. Rc7 Rd3 55. Rxf7 Rxd4 56. Ng8+ Kxe5 57. Kg3 Nh5+ 58. Kh3 Nf4+ 59. Kg3
Ne2+ 60. Kf3 Ng1+ 61. Kg2 Rg4+ 62. Kh2 Ne2 63. Re7+ Kf4 64. Rxe2 Rxh4+ 65. Kg2
Rg4+ 66. Kf2 Rh4 67. Kg1 Rg4+ 68. Kf1 Rh4 69. Ne7 Kg5 70. Rg2+ Rg4 71. Re2 Kf6
72. Nd5+ Kg5 73. Re5+ Kh6 74. Kf2 Rg5 75. Rxg5 Kxg5 76. Kg3 Kf5 77. Ne7+ Kf6 78.
Nxg6 1/2-1/2

[Event "chess.com Junior Speed"]
[Site "chess.com INT"]
[Date "2019.07.18"]
[Round "3.13"]
[White "Maghsoodloo, Parham"]
[Black "Xiong, Jeffery"]
[Result "0-1"]
[WhiteTitle "GM"]
[BlackTitle "GM"]
[WhiteElo "2671"]
[BlackElo "2679"]
[WhiteFideId "12539929"]
[BlackFideId "2047640"]
[EventDate "2019.05.16"]

1. Nf3 c5 2. c4 Nc6 3. b3 e5 4. Bb2 d6 5. g3 g6 6. Bg2 Bg7 7. O-O Nge7 8. d3 O-O
9. Nc3 Be6 10. a3 h6 11. Rc1 b6 12. Nd2 d5 13. cxd5 Nxd5 14. b4 Rb8 15. bxc5
bxc5 16. Na4 Nd4 17. e3 Nb3 18. Rc2 Nxe3 19. fxe3 Qxd3 20. Ne4 Qxe3+ 21. Kh1
Rfd8 22. Qb1 Bd5 23. Re1 Qd3 24. Naxc5 Nxc5 25. Nxc5 Bxg2+ 26. Rxg2 Qxb1 27.
Rxb1 e4 28. Nxe4 Rb6 29. Nc5 Rdb8 30. Nd3 Rb3 31. Rd2 Rd8 32. Rbd1 Bxb2 33. Nxb2
Rxd2 34. Rxd2 Rxa3 35. Nc4 Rc3 0-1

[Event "chess.com Junior Speed"]
[Site "chess.com INT"]
[Date "2019.07.18"]
[Round "3.14"]
[White "Xiong, Jeffery"]
[Black "Maghsoodloo, Parham"]
[Result "0-1"]
[WhiteTitle "GM"]
[BlackTitle "GM"]
[WhiteElo "2679"]
[BlackElo "2671"]
[WhiteFideId "2047640"]
[BlackFideId "12539929"]
[EventDate "2019.05.16"]

1. d4 f5 2. Bg5 h6 3. Bh4 g5 4. e3 Nf6 5. Bg3 d6 6. Nc3 e6 7. h4 Rg8 8. hxg5
hxg5 9. Nf3 Qe7 10. Bc4 Nbd7 11. a4 Nb6 12. Bb3 Bd7 13. a5 Nbd5 14. Qd3 a6 15.
O-O-O O-O-O 16. Nd2 Kb8 17. e4 Nxc3 18. Qxc3 f4 19. Bh2 Rh8 20. e5 Ng4 21. exd6
cxd6 22. Bg3 Bg7 23. Qf3 e5 24. Bd5 Bc8 25. Nc4 fxg3 26. Qxg3 exd4 27. Nb6 Be5
28. Qb3 Nxf2 29. Rxh8 Rxh8 30. Rf1 Bf4+ 31. Kb1 Ne4 32. Nxc8 Nd2+ 33. Ka2 Rxc8
34. Re1 Nxb3 35. Rxe7 Nxa5 0-1

[Event "chess.com Junior Speed"]
[Site "chess.com INT"]
[Date "2019.07.18"]
[Round "3.15"]
[White "Maghsoodloo, Parham"]
[Black "Xiong, Jeffery"]
[Result "0-1"]
[WhiteTitle "GM"]
[BlackTitle "GM"]
[WhiteElo "2671"]
[BlackElo "2679"]
[WhiteFideId "12539929"]
[BlackFideId "2047640"]
[EventDate "2019.05.16"]

1. Nf3 c5 2. c4 Nc6 3. b3 e5 4. Bb2 e4 5. Ng1 d5 6. cxd5 Qxd5 7. Nc3 Qe5 8. e3
Nf6 9. Nge2 h5 10. Qb1 h4 11. Nf4 Bf5 12. Bb5 Qd6 13. f3 O-O-O 14. Bc1 g5 15.
fxe4 gxf4 16. exf5 h3 17. Ne4 Qe5 18. Nxf6 hxg2 19. Rg1 Qxf6 20. Bxc6 Qxc6 21.
Bb2 Rxh2 22. Qc2 Qf3 23. Qd1 Qg3+ 0-1